Gower and Davies' principles of modern company law (Record no. 102712)
[ view plain ]
| 000 -LEADER | |
|---|---|
| fixed length control field | 01268cam a2200289 4500 |
| 008 - FIXED-LENGTH DATA ELEMENTS--GENERAL INFORMATION | |
| fixed length control field | 011012n2003 000 0 eng u |
| 020 ## - INTERNATIONAL STANDARD BOOK NUMBER | |
| International Standard Book Number | 0421788208 |
| 035 ## - SYSTEM CONTROL NUMBER | |
| System control number | (Sirsi) u121688 |
| 041 ## - LANGUAGE CODE | |
| Language code of text/sound track or separate title | eng |
| 050 ## - LIBRARY OF CONGRESS CALL NUMBER | |
| Classification number | 346.41066 |
| 100 ## - MAIN ENTRY--PERSONAL NAME | |
| Personal name | Davies, Paul L. |
| 245 ## - TITLE STATEMENT | |
| Title | Gower and Davies' principles of modern company law |
| 250 ## - EDITION STATEMENT | |
| Edition statement | 7th ed. |
| 260 ## - PUBLICATION, DISTRIBUTION, ETC. | |
| Place of publication, distribution, etc. | London |
| Name of publisher, distributor, etc. | Sweet and Maxwell |
| Date of publication, distribution, etc. | 2003 |
| 300 ## - PHYSICAL DESCRIPTION | |
| Extent | lxxviii, 897p. |
| Dimensions | 24cm. |
| 350 ## - PRICE (NR) (BK AM CF MU VM SE) [OBSOLETE] | |
| Price | 30 |
| 520 ## - SUMMARY, ETC. | |
| Summary, etc. | Explains the key principles and operation of English company law. Covers separate personality and limited liability, corporate governance, shareholders, public information about a company, equity finance, and debt finance. This seventh edition integrates the reform process towards a new Companies Act and takes into account key legislation since 1997 such as the Limited Liability Partnership Act 2000, the Insolvency Act 2000 and the Enterprise Act 2002. Includes tables of cases, UK legislation and EC material. |
| 650 ## - SUBJECT ADDED ENTRY--TOPICAL TERM | |
| Topical term or geographic name entry element | BUSINESS LAW |
| 650 ## - SUBJECT ADDED ENTRY--TOPICAL TERM | |
| Topical term or geographic name entry element | COMPANY LAW |
| 650 ## - SUBJECT ADDED ENTRY--TOPICAL TERM | |
| Topical term or geographic name entry element | CORPORATE GOVERNANCE |
| 650 ## - SUBJECT ADDED ENTRY--TOPICAL TERM | |
| Topical term or geographic name entry element | LIMITED LIABILITY |
| 650 ## - SUBJECT ADDED ENTRY--TOPICAL TERM | |
| Topical term or geographic name entry element | COMPANY INFORMATION |
| 650 ## - SUBJECT ADDED ENTRY--TOPICAL TERM | |
| Topical term or geographic name entry element | EQUITY FINANCE |
| 650 ## - SUBJECT ADDED ENTRY--TOPICAL TERM | |
| Topical term or geographic name entry element | DEBT FINANCE |
| 690 ## - LOCAL SUBJECT ADDED ENTRY--TOPICAL TERM (OCLC, RLIN) | |
| Topical term or geographic name as entry element | MANAGEMENT-BUSINESS MANAGEMENT |
| 942 ## - ADDED ENTRY ELEMENTS (KOHA) | |
| Suppress in OPAC | 0 |
| Source of classification or shelving scheme | Dewey Decimal Classification |
| Withdrawn status | Lost status | Source of classification or shelving scheme | Damaged status | Not for loan | Home library | Current library | Shelving location | Date acquired | Cost, normal purchase price | Total Checkouts | Full call number | Barcode | Date last seen | Date last checked out | Copy number | Cost, replacement price | Price effective from | Koha item type |
|---|---|---|---|---|---|---|---|---|---|---|---|---|---|---|---|---|---|---|
| Dewey Decimal Classification | London | London | Books | 29/08/2003 | 30.00 | 7 | 346.41066 DAV | 30067683 | 06/08/2019 | 02/05/2006 | 1 | 30.00 | 06/08/2019 | Book |